|
|
|
|
| LEADER |
01394nam a2200373Ia 4500 |
| 001 |
EBC335808 |
| 003 |
MiAaPQ |
| 005 |
20200520144314.0 |
| 006 |
m o d | |
| 007 |
cr cn||||||||| |
| 008 |
080711s2008 njua sb 001 0 eng d |
| 010 |
|
|
|z 2007050510
|
| 020 |
|
|
|z 0470225211 (cloth)
|
| 020 |
|
|
|z 9780470225219 (cloth)
|
| 035 |
|
|
|a (MiAaPQ)EBC335808
|
| 035 |
|
|
|a (Au-PeEL)EBL335808
|
| 035 |
|
|
|a (CaPaEBR)ebr10296818
|
| 035 |
|
|
|a (CaONFJC)MIL128543
|
| 035 |
|
|
|a (OCoLC)437898054
|
| 040 |
|
|
|a MiAaPQ
|c MiAaPQ
|d MiAaPQ
|
| 050 |
|
4 |
|a HG177
|b .E83 2008
|
| 245 |
0 |
0 |
|a Ethical fundraising
|h [electronic resource] :
|b a guide for nonprofit boards and fundraisers /
|c Janice Gow Pettey, editor.
|
| 260 |
|
|
|a Hoboken, N.J. :
|b Wiley,
|c c2008.
|
| 300 |
|
|
|a xxvii, 339 p. :
|b ill.
|
| 490 |
1 |
|
|a The AFP fund development series
|
| 504 |
|
|
|a Includes bibliographical references (p. 323-329) and index.
|
| 533 |
|
|
|a Electronic reproduction. Ann Arbor, MI : ProQuest, 2015. Available via World Wide Web. Access may be limited to ProQuest affiliated libraries.
|
| 650 |
|
0 |
|a Fund raising.
|
| 650 |
|
0 |
|a Nonprofit organizations
|x Finance.
|
| 655 |
|
4 |
|a Electronic books.
|
| 700 |
1 |
|
|a Pettey, Janice Gow.
|
| 710 |
2 |
|
|a ProQuest (Firm)
|
| 830 |
|
0 |
|a AFP fund development series.
|
| 856 |
4 |
0 |
|u https://ebookcentral.proquest.com/lib/matrademy/detail.action?docID=335808
|z Click to View
|